Európska vzdelávacia politika zameraná na vzdelávanie dospelých a jej nástroje

Význam vzdelávania dospelých v rámci celoživotného vzdelávania. Vplyv vzdelávania na sociálnu súdržnosť. Význam vzdelávania pre zamestnanosť a hospodárstvo EÚ. Digitálne zručnosti a technológie v oblasti vzdelávania. Ciele európskej vzdelávacej politiky zameranej na vzdelávanie dospelých v kontexte...

Ausführliche Beschreibung

Gespeichert in:
Bibliographische Detailangaben
1. Verfasser: Dudová, Iveta
Format: Buchkapitel
Sprache:Slowakisch
Schlagworte:
Tags: Tag hinzufügen
Keine Tags, Fügen Sie das erste Tag hinzu!

MARC

LEADER 00000naa a2200000 4500
001 0272195
005 20210226104513.4
041 0 |a slo 
044 |a SK 
245 1 0 |a Európska vzdelávacia politika zameraná na vzdelávanie dospelých a jej nástroje  |c Iveta Dudová 
520 |a Význam vzdelávania dospelých v rámci celoživotného vzdelávania. Vplyv vzdelávania na sociálnu súdržnosť. Význam vzdelávania pre zamestnanosť a hospodárstvo EÚ. Digitálne zručnosti a technológie v oblasti vzdelávania. Ciele európskej vzdelávacej politiky zameranej na vzdelávanie dospelých v kontexte celoživotného vzdelávania a nástroje tejto politiky, ktoré podporujú rozvoj vzdelávania dospelých v rámci národných politík. 
610 2 0 |a vzdelávanie dospelých 
610 2 0 |a zručnosti digitálne 
610 2 0 |a politika vzdelávania 
610 2 0 |a vzdelávanie celoživotné 
610 2 0 |a zamestnanosť 
100 1 |a Dudová, Iveta